Statistics for 5 Seconds Of Summer Youngblood Quiz

Click here to take the quiz!

General Stats

  • This quiz has been taken 13 times
  • The average score is 12 of 15

Answer Stats

HintAnswer% Correct
too young too dumbghost of you
100%
and im just dead man walking tonightyoungblood
100%
it is tears or just a pouring rainwant you back
91%
'Cause we'd fall from grace, we're fallingif walls could talk
82%
now i wish we never meetlie to me
82%
why cant we choose em?more
82%
is it weird that im naked on my sofa?moving along
82%
i dont wanna think about a moment with youtalk fast
82%
calum cant spellvalentine
82%
switching into arplaine mode againwhy wont you love me
82%
This time or next time, you know I'll...meet you there
73%
But still the hardest part is knowing when to let gobabylon
64%
your love your love im abetter man
64%
demonmonster among men
45%
the best time i ever havewoke up in japan
45%

Score Distribution

Percentile by Number Answered

Percent of People with Each Score

Your Score History

You have not taken this quiz